Vizualizácia evolúcie softvéru v trojrozmernom priestore zachytená v revíziach

Gespeichert in:
Bibliographische Detailangaben
1. Verfasser: Garaj, Michael (Verfasst von)
Weitere Verfasser: Kapec, Peter (Betreuung Doktorarbeit)
Format: Manuskript Buch
Sprache:Slowakisch
Veröffentlicht: 2016
Schlagworte:
Online-Zugang:http://is.stuba.sk/zp/portal_zp.pl?podrobnosti=119236
Tags: Tag hinzufügen
Keine Tags, Fügen Sie das erste Tag hinzu!

MARC

LEADER 00000ntm a22000003a 4500
001 stuzp58917
003 SK-STU
005 20160719155715.1
007 ta
008 150427s2015----xo-----f-mn---000-0-slo-d
040 |a STU  |b slo 
041 0 |a slo 
100 1 |a Garaj, Michael  |u 070400  |k Z4  |4 aut  |U FIIT Fakulta informatiky a informačných technológií  |T FIIT Ústav počítačového inžinierstva a aplikovanej informatiky  |X 46080  |U I400  |Y 672  |7 A000046080 
242 0 1 |a Software evolution visualization in 3D captured in revisions  |y eng 
245 1 0 |a Vizualizácia evolúcie softvéru v trojrozmernom priestore zachytená v revíziach 
260 |c 2016 
650 4 |a vizualizácia informácií  |2 slo 
650 4 |a evolúcia softvéru  |2 slo 
650 4 |a revízie  |2 slo 
650 4 |a information visualization  |2 eng 
650 4 |a software evolution  |2 eng 
650 4 |a revisions  |2 eng 
700 1 |a Kapec, Peter  |u 070400  |k Z1  |4 ths  |U FIIT Fakulta informatiky a informačných technológií  |T FIIT Ústav počítačového inžinierstva a aplikovanej informatiky  |X 10235  |U I400  |Y 672  |7 A000010235 
856 4 |u http://is.stuba.sk/zp/portal_zp.pl?podrobnosti=119236 
996 |b 8250  |c I* DIP 74/2016  |l II680  |s P  |a 0  |w stuzp58917_0001 
SQL |a stuzp58917  |b DDP  |c SLO  |d Vizualizácia evolúcie softvéru v trojrozmernom priestore zachytená v revíziach  |e 46080  |f Garaj, Michael  |g 070400  |h 10235  |i Kapec, Peter  |j 20160613  |k 211  |l 07  |m http://is.stuba.sk/zp/portal_zp.pl?podrobnosti=119236  |n I-SI2  |o 9.2.5. softvérové inžinierstvo